<?xml version="1.0" encoding="UTF-8"?>
<record
    xmlns:xsi="http://www.w3.org/2001/XMLSchema-instance"
    xsi:schemaLocation="http://www.loc.gov/MARC21/slim http://www.loc.gov/standards/marcxml/schema/MARC21slim.xsd"
    xmlns="http://www.loc.gov/MARC21/slim">

  <leader>01688nam a2200289Ia 4500</leader>
  <datafield tag="999" ind1=" " ind2=" ">
    <subfield code="c">6230</subfield>
    <subfield code="d">6230</subfield>
  </datafield>
  <datafield tag="020" ind1=" " ind2=" ">
    <subfield code="a">9780262720205</subfield>
  </datafield>
  <datafield tag="020" ind1=" " ind2=" ">
    <subfield code="a">0444880712</subfield>
  </datafield>
  <datafield tag="020" ind1=" " ind2=" ">
    <subfield code="a">0333880749</subfield>
  </datafield>
  <datafield tag="020" ind1=" " ind2=" ">
    <subfield code="a">0262220407</subfield>
  </datafield>
  <datafield tag="020" ind1=" " ind2=" ">
    <subfield code="a">0262720205</subfield>
  </datafield>
  <datafield tag="020" ind1=" " ind2=" ">
    <subfield code="a">0262220385</subfield>
  </datafield>
  <datafield tag="020" ind1=" " ind2=" ">
    <subfield code="a">0262720140</subfield>
  </datafield>
  <datafield tag="020" ind1=" " ind2=" ">
    <subfield code="a">0262220393</subfield>
  </datafield>
  <datafield tag="020" ind1=" " ind2=" ">
    <subfield code="a">0262720159</subfield>
  </datafield>
  <datafield tag="022" ind1=" " ind2=" ">
    <subfield code="a">9780262720151</subfield>
  </datafield>
  <datafield tag="050" ind1=" " ind2=" ">
    <subfield code="a">QA76</subfield>
    <subfield code="b">.H279</subfield>
  </datafield>
  <datafield tag="100" ind1=" " ind2=" ">
    <subfield code="a">J van Leeuwen</subfield>
  </datafield>
  <datafield tag="245" ind1="0" ind2="0">
    <subfield code="a">Handbook of theoretical computer science /</subfield>
    <subfield code="c">edited by Jan van Leeuwen.</subfield>
  </datafield>
  <datafield tag="250" ind1=" " ind2=" ">
    <subfield code="a">First MIT Press paperback edition.</subfield>
  </datafield>
  <datafield tag="260" ind1=" " ind2=" ">
    <subfield code="a">Amsterdam ;</subfield>
    <subfield code="a"> New York : ;</subfield>
    <subfield code="b"> Cambridge, </subfield>
    <subfield code="b"> Elsevier</subfield>
    <subfield code="b">Mass</subfield>
    <subfield code="b">MIT Press, </subfield>
    <subfield code="c">1990.</subfield>
  </datafield>
  <datafield tag="300" ind1=" " ind2=" ">
    <subfield code="a">2 volumes :</subfield>
    <subfield code="b">illustrations ;</subfield>
    <subfield code="c">25 cm.</subfield>
  </datafield>
  <datafield tag="500" ind1=" " ind2=" ">
    <subfield code="a">Includes bibliographical references and indexes </subfield>
  </datafield>
  <datafield tag="505" ind1=" " ind2=" ">
    <subfield code="a">CHAPTER 1. Finite Automata 
CHAPTER 2. Context - Free Languages 
CHAPTER 3. Formal Languages and Power Series 
CHAPTER 4. Automata on infinite objects 
CHAPTER 5. Graph rewriting: An algebraic and logic approach 
CHAPTER 6. Rewrite systems 
CHAPTER 7. Functional programming and lambda calculus 
CHAPTER 8. Type systems for programming languages 
CHAPTER 9. Recursive Applicative program schemes 
CHAPTER 10. Logic programming
CHAPTER 11. Denominational semantics 
CHAPTER 12. Semantic domains 
CHAPTER 13. Algebraic specification 
CHAPTER 14. Logics of programs 
CHAPTER 15. Methods and logics for proving programs 
CHAPTER 16. Temporal and modal logic 
CHAPTER 17. elements of relational data theory 
CHAPTER 18. Distributed computing: Models and methods 
CHAPTER  19. Operational and algebraic semantics of concurrent processes </subfield>
  </datafield>
  <datafield tag="650" ind1=" " ind2="0">
    <subfield code="a">Computer science.</subfield>
  </datafield>
  <datafield tag="700" ind1="1" ind2=" ">
    <subfield code="a">Leeuwen, J. van</subfield>
  </datafield>
  <datafield tag="942" ind1=" " ind2=" ">
    <subfield code="c">BK</subfield>
  </datafield>
  <datafield tag="952" ind1=" " ind2=" ">
    <subfield code="0">0</subfield>
    <subfield code="1">0</subfield>
    <subfield code="4">0</subfield>
    <subfield code="7">0</subfield>
    <subfield code="8">REF</subfield>
    <subfield code="a">MUCGM</subfield>
    <subfield code="b">MUCGM</subfield>
    <subfield code="c">GEN</subfield>
    <subfield code="d">2009-10-13</subfield>
    <subfield code="l">0</subfield>
    <subfield code="o">QA76 .H279</subfield>
    <subfield code="p">35344</subfield>
    <subfield code="r">2019-09-13 00:00:00</subfield>
    <subfield code="w">2019-09-13</subfield>
    <subfield code="y">BK</subfield>
  </datafield>
</record>
